01650nam a2200385Ia 4500001001200000003000800012006001900020007001500039008004100054010001700095020003100112020001800143020002800161040002100189035002100210050002500231082001500256100003000271245013300301260006300434300004100497490006500538490005500603504006400658533015200722650003700874650002700911650001300938655002900951710001700980830006600997830005601063856012601119999001901245ebr10206107CaPaEBRm u cr cn|||||||||070719s2008 ne a sb 001 0 eng d z 2007029784 z9780123708663 (alk. paper) z9780080554150 z0123708664 (alk. paper) aCaPaEBRcCaPaEBR a(OCoLC)22814837414aHD30.2b.J664 2008eb04a025.042221 aJones, William P.,d1952-10aKeeping found things foundh[electronic resource] :bthe study and practice of personal information management /cWilliam Jones. aAmsterdam ;aBoston :bMorgan Kaufmann Publishers,cc2008. axvii, 430 p. :bill. (chiefly col.).1 aMorgan Kaufmann series in multimedia information and systems1 aMorgan Kaufmann series in interactive technologies aIncludes bibliographical references (p. 403-421) and index. aElectronic reproduction.bPalo Alto, Calif. :cebrary,d2009.nAvailable via World Wide Web.nAccess may be limited to ebrary affiliated libraries. 0aPersonal information management. 0aInformation retrieval. 0aPrivacy. 7aElectronic books.2local2 aebrary, Inc. 0aMorgan Kaufmann series in multimedia information and systems. 0aMorgan Kaufmann series in interactive technologies.40uhttp://site.ebrary.com/lib/rucke/Doc?id=10206107zAn electronic book accessible through the World Wide Web; click to view c122587d122587